| 000 | 00646nam a2200217 a 4500 | ||
|---|---|---|---|
| 001 | 000003894 | ||
| 003 | DO-SdBNP | ||
| 005 | 20220926110302.0 | ||
| 007 | ta | ||
| 008 | 090714s2005 dr 000 0 spa d | ||
| 040 |
_aDO-SdBNP _bspa _cBNPHU |
||
| 082 | 4 |
_bG563d _222 |
|
| 245 | 1 | 0 |
_aGlosario de derecho romano y locuciones latinas / _cMiguel Angel Santana Marcano editor. |
| 260 |
_aSanto Domingo : _bTalleres Gráficos, _c2005. |
||
| 300 |
_a30 p. ; _c20 cm. |
||
| 504 | _aBibliográfía : p. 22-30 | ||
| 590 | _aInventariado, 2022 / DG | ||
| 700 | 1 |
_aSantana Marcano, Miguel Ángel, _d1967- _eed. _948937 |
|
| 910 | _aDG | ||
| 942 |
_2ddc _cLBS1 |
||
| 999 |
_c3715 _d3715 |
||